00379nam a2200133Ia 45000010005000000080041000050820024000461000063000702450039001332600024001725900007001969010027002039990015002303720241024s9999 xx 000 0 und d aRD/362.9/C743m/2013 aCONANI. Consejo Nacional para la Niñez y la Adolescencia 0aMemoria instititucional año 2013 bSanto Domingoc2013 asi a26/2/2014 9:59:57 a.m. c9370d9370